EPIC THE MUSICAL : Little Wolf - Statistics

General Stats
  • This quiz has been taken 60 times
  • The average score is 307 of 364
Answer Stats
Hint Answer % Correct
who
100%
a
97%
| Suitors Fight
97%
fight!
97%
fight
97%
fight,
97%
little
97%
wolf,
97%
wolf
97%
how
94%
How
94%
I
94%
just
94%
me?
94%
me
94%
Athena No
94%
no
94%
when
94%
you
94%
your
94%
bit
92%
Antinuousand suitors Die
92%
die!
92%
Antinuousand suitors die
92%
do
92%
for
92%
made
92%
quick
92%
so
92%
Antinuous Wanna
92%
and
89%
be
89%
go
89%
Antinuous Go
89%
now
89%
that?
89%
that
89%
the
89%
then
89%
this
89%
This
89%
all
86%
Antinuous All
86%
Suitors Bite
86%
bite!
86%
bite
86%
could
86%
Antinuous Don't
86%
don't
86%
him
86%
in
86%
Athena Is
86%
is
86%
know
86%
lesson
86%
man
86%
men
86%
on
86%
slow?
86%
thoughts
86%
to
86%
too
86%
up
86%
Antinuous You've
86%
you've
86%
did
83%
her
83%
never
83%
of
83%
one
83%
One
83%
sick!
83%
Suitors Strike
83%
strike!
83%
strike
83%
Athena Uppercut
83%
are
81%
daddy
81%
entertain
81%
I'll
81%
Antinuous Let's
81%
let's
81%
teach
81%
world
81%
back
78%
cry
78%
doesn't
78%
give
78%
good
78%
I've
78%
last
78%
lessons
78%
might
78%
mistake
78%
moving
78%
or
78%
out
78%
see
78%
take
78%
Take
78%
time
78%
worst
78%
being
75%
bullies
75%
combined!
75%
going
75%
got
75%
here
75%
here?
75%
kind
75%
kind!
75%
make
75%
mother
75%
respect
75%
run
75%
Antinuous Run
75%
show
75%
some
75%
than
75%
through
75%
bring
72%
corner
72%
cruel
72%
dog
72%
get
72%
has
72%
hears
72%
his
72%
If
72%
my
72%
she
72%
sure
72%
them
72%
Tekemachus | Telemachus Woah
72%
Athena
69%
bones
69%
break
69%
have
69%
help?
69%
it's
69%
plan
69%
stand
69%
suggest
69%
these
69%
understand
69%
we'll
69%
Telemachus What's
69%
will
69%
You'll
69%
again
67%
Athena Alright
67%
blood
67%
came
67%
hard
67%
heart
67%
presents
67%
pushed
67%
seen
67%
tears
67%
Antinuousand suitors try,
67%
try!
67%
try
67%
us?
67%
why
67%
adorn
64%
around?
64%
'Cause
64%
Antinuousand suitors fly
64%
fly!
64%
front
64%
Athena Need
64%
Telemachus Tell
64%
their
64%
those
64%
without
64%
young
64%
aid?
61%
down
61%
impose
61%
larger
61%
truly
61%
choose
58%
enough
58%
filth!
58%
had
58%
maybe
58%
plenty
58%
won't
58%
away
56%
before
56%
Telemachus Ow
56%
because
50%
advantage
47%
Athena Ooh
44%
No matching quizzes found
Score Distribution
Percent of People with Each Score
Percentile by Number Answered
Your Score History
You have not taken this quiz